00895nam a2200181 a 450000100100000000500170001000800410002702000180006804000250008608200140011124501370012526000700026230000280033295201120036095201120047295201120058499900170069600004878520201002061415.0190412s2016 dr a r 000 spa d a9789945472615 aDO-SdBNPbspacBNPHU axxxbI124 0aIgualdad de género para una vida sin violencia :bcompilación de los trabajos premiados en el concurso periodístico 2010-2014. aSanto Domingo :bInstituto Tecnológico de Santo Domingo,c2016. a137 p. :bil. ;c29 cm. 0010718PDaGRbGRcHDd2019-04-12iLF1l0oxxx I124p48785-30r2020-06-25w2020-06-25yLFPDZNo se presta 0010718PDaPDbPDcHDd2019-04-12iLF1l0oxxx I124p48785-10r2020-06-25w2020-06-25yLFPDZNo se presta 0010718PDaPDbPDcHDd2019-04-12iLF1l0oxxx I124p48785-20r2020-06-25w2020-06-25yLFPDZNo se presta c48273d48273